División territorial : (Registro nro. 6229)
[ vista simple ]
| 000 -LEADER | |
|---|---|
| fixed length control field | 01004nam a2200229Ia 4500 |
| 003 - CONTROL NUMBER IDENTIFIER | |
| control field | OSt |
| 005 - DATE AND TIME OF LATEST TRANSACTION | |
| control field | 20200922153824.0 |
| 008 - FIXED-LENGTH DATA ELEMENTS--GENERAL INFORMATION | |
| fixed length control field | 191128s1908 ck gr 000 0 spa d |
| 040 ## - CATALOGING SOURCE | |
| Original cataloging agency | CO-JMCR |
| Transcribing agency | CO-JMCR |
| 041 0# - LANGUAGE CODE | |
| Language code of text/sound track or separate title | spa |
| 082 04 - DEWEY DECIMAL CLASSIFICATION NUMBER | |
| Classification number | 918.61 / |
| Item number | D618d |
| Edition number | 23 |
| 245 00 - TITLE STATEMENT | |
| Title | División territorial : |
| Remainder of title | leyes, decretos y documentos 1908 / |
| 250 ## - EDITION STATEMENT | |
| Edition statement | Edición oficial |
| 260 ## - PUBLICATION, DISTRIBUTION, ETC. | |
| Place of publication, distribution, etc. | Bogotá : |
| Name of publisher, distributor, etc. | Imprenta Nacional, |
| Date of publication, distribution, etc. | 1908 |
| 300 ## - PHYSICAL DESCRIPTION | |
| Extent | xv, 675 páginas ; |
| Dimensions | 25 cm. |
| 505 0# - FORMATTED CONTENTS NOTE | |
| Formatted contents note | Memorandum presidencial julio 22 de 1908 -- Memorandum presidencial julio 23 de 1908 -- Consejo de ministros 23 de julio de 1908 -- Mensaje del ministro de gobierno sobre división territorial -- Informe de una comisión |
| 650 14 - SUBJECT ADDED ENTRY--TOPICAL TERM | |
| Topical term or geographic name entry element | Territorio |
| General subdivision | división político |
| Chronological subdivision | 1908 |
| Geographic subdivision | Colombia |
| 9 (RLIN) | 10671 |
| 650 14 - SUBJECT ADDED ENTRY--TOPICAL TERM | |
| Topical term or geographic name entry element | Territorio |
| General subdivision | división político |
| Chronological subdivision | 1908 |
| Geographic subdivision | Colombia |
| 9 (RLIN) | 10671 |
| 650 14 - SUBJECT ADDED ENTRY--TOPICAL TERM | |
| Topical term or geographic name entry element | Distribución geográfica |
| General subdivision | departamentos |
| Chronological subdivision | 19081908 |
| Geographic subdivision | Colombia |
| 9 (RLIN) | 10672 |
| 650 14 - SUBJECT ADDED ENTRY--TOPICAL TERM | |
| Topical term or geographic name entry element | Administración físcal |
| Chronological subdivision | 1908 |
| Geographic subdivision | Colombia |
| 9 (RLIN) | 10673 |
| 942 ## - ADDED ENTRY ELEMENTS (KOHA) | |
| Source of classification or shelving scheme | Dewey Decimal Classification |
| Koha item type | Books |
| Withdrawn status | Lost status | Source of classification or shelving scheme | Damaged status | Not for loan | Collection code | Home library | Current library | Date acquired | Source of acquisition | Full call number | Barcode | Date last seen | Copy number | Koha item type |
|---|---|---|---|---|---|---|---|---|---|---|---|---|---|---|
| Dewey Decimal Classification | Non-fiction | Biblioteca Pública José María del Castillo y Rada | Biblioteca Pública José María del Castillo y Rada | 04/15/2018 | Donación | 918.61 / D618d | 430012239 | 05/16/2024 | Ej.1 | Books |